Women in India : reflecting on our history and shaping our future : (Record no. 4610)
[ view plain ]
| 000 -LEADER | |
|---|---|
| fixed length control field | 00729nam a22001817a 4500 |
| 003 - CONTROL NUMBER IDENTIFIER | |
| control field | LK-CoMWRAF |
| 008 - FIXED-LENGTH DATA ELEMENTS--GENERAL INFORMATION | |
| fixed length control field | 240109b1993 |||||||| |||| 00| 0 eng d |
| 040 ## - CATALOGING SOURCE | |
| Original cataloging agency | LK-CoMWRAF |
| Modifying agency | LK-CoMWRAF |
| Description conventions | LK-CoMWRAF |
| 041 ## - LANGUAGE CODE | |
| Language code of text/sound track or separate title | English |
| 082 ## - DEWEY DECIMAL CLASSIFICATION NUMBER | |
| Classification number | 305.42 |
| Item number | CON |
| 942 ## - ADDED ENTRY ELEMENTS (KOHA) | |
| Koha item type | Conference Proceeding |
| 111 ## - MAIN ENTRY--MEETING NAME | |
| Meeting name or jurisdiction name as entry element | CONSULTATION ON GENDER & DEVELOPMENT |
| Location of meeting | (Bangalore, |
| Date of meeting | 24-26 June 1993) |
| 700 ## - ADDED ENTRY--PERSONAL NAME | |
| Personal name | Ramakrishna, Jamuna |
| relator term | editor |
| 245 ## - TITLE STATEMENT | |
| Title | Women in India : reflecting on our history and shaping our future : |
| Remainder of title | proceedings of a Consultation on Gender and Development jointly organised by CWDS and HIVOS |
| 260 ## - PUBLICATION, DISTRIBUTION, ETC. (IMPRINT) | |
| Place of publication, distribution, etc. | Bangalore: |
| Name of publisher, distributor, etc. | Humanistic Institute for Co-operation with Developing Countries, |
| Date of publication, distribution, etc. | [1994] |
| 300 ## - PHYSICAL DESCRIPTION | |
| Extent | vi, 89 p. ; 30 cm |
| 650 ## - SUBJECT ADDED ENTRY--TOPICAL TERM | |
| Topical term or geographic name as entry element | Women- India-Congresses |
| Withdrawn status | Lost status | Damaged status | Not for loan | Permanent Location | Current Location | Date acquired | Full call number | Barcode | Koha item type |
|---|---|---|---|---|---|---|---|---|---|
| Resource center, Muslim Women's Research And Action Forum | Resource center, Muslim Women's Research And Action Forum | 2024-01-09 | 305.42 CON | RAF4701 | Conference Proceeding |

